| 000 | 00657nam a2200229 i 4500 | ||
|---|---|---|---|
| 001 | 128531 | ||
| 003 | ES-MaACL | ||
| 005 | 20250719063314.0 | ||
| 007 | t| | ||
| 008 | 070517s1924 mx ||||1| spa d | ||
| 080 | _a821.111(540)-14"19" | ||
| 080 | _a821.111(540)-4"19" | ||
| 100 | 1 |
_aTagore, Rabindranath, _d1861-1941 _9109071 |
|
| 245 | 1 | 3 |
_aLa luna nueva _b; Nacionalismo ; Personalidad ; Sadhana / _cTagore. |
| 260 |
_aMéxico : _bUniversidad Nacional, _c1924. |
||
| 300 |
_a456 p. ; _c19 cm. |
||
| 740 | 0 | _aNacionalismo. | |
| 740 | 0 | _aPersonalidad. | |
| 740 | 0 | _aSadhana. | |
| 852 |
_aES-MaACL _jA-1085 |
||
| 999 |
_c128531 _d128531 |
||